Návrh environmentálnej marketingovej stratégie vo vybranom podniku diplomová práca

Na minha lista:
Detalhes bibliográficos
Autor principal: Pribila, Martin
Autor Corporativo: Obchodná fakulta EU. Katedra marketingu
Outros Autores: Kita, Pavol
Formato: Livro
Idioma:eslovaco
Publicado em: Bratislava 2021
Tags: Adicionar Tag
Sem tags, seja o primeiro a adicionar uma tag!

MARC

LEADER 00000nbm a2200000 4500
001 0274501
005 20220131134007.0
041 0 |a slo 
044 |a SK 
245 1 0 |a Návrh environmentálnej marketingovej stratégie vo vybranom podniku  |b diplomová práca  |c Martin Pribila ; školiteľ: Pavol Kita 
264 1 |a Bratislava  |c 2021 
300 |a 66 s. 
100 1 |a Pribila, Martin 
700 1 |a Kita, Pavol 
710 2 |a Obchodná fakulta EU. Katedra marketingu